Statistics for Countries with Vietnamese People (Diaspora)

Click here to take the quiz!

General Stats

  • This quiz has been taken 667 times
    (413 since last reset)
  • The average score is 13 of 16

Answer Stats

PopulationCountry% Correct
2,067,527United States
100%
240,514Canada
94%
400,000France
93%
50,000–100,000United Kingdom
93%
420,415Japan
91%
400,000–1,000,000Cambodia
89%
188,000Germany
89%
>300,000Australia
88%
100,000Thailand
88%
122,000Laos
87%
224,518South Korea
86%
150,000Russia
77%
80,000Malaysia
74%
320,000Taiwan
68%
60,000–80,000Poland
44%
90,000Czechia
37%

Score Distribution

Percentile by Number Answered

Percent of People with Each Score

Your Score History

You have not taken this quiz since the last reset